| 000 | 00428nam a2200157Ia 4500 | ||
|---|---|---|---|
| 005 | 20250606024637.0 | ||
| 008 | 240331s9999 xx 000 0 und d | ||
| 020 | _a9555991413 | ||
| 082 |
_bBAN _a305 |
||
| 100 | _aBandarage, A | ||
| 245 | 0 | _aKanthawa janagahanaya goleeya arbhudaya | |
| 260 |
_aratmalana _bSarvodya vishwaleka publishers _c2001 |
||
| 300 | _a587 p ., | ||
| 500 | _awomen population & Global crisis | ||
| 942 | _cL | ||
| 999 |
_c5609 _d5609 |
||